| 000 | 00405nam a2200157Ia 4500 | ||
|---|---|---|---|
| 008 | 230917s9999||||xx |||||||||||||| ||und|| | ||
| 040 |
_e128822 _aMAIN |
||
| 041 | _aEnglish | ||
| 082 | _a346.023 G129L | ||
| 100 | _aGajria, G T | ||
| 245 | 0 | _aLaw relating to building and engineering contracts in Ind | |
| 250 | _a3rd ed. | ||
| 260 |
_aBombay _bN M Tripathi _c1985 |
||
| 300 | _a1048p. p. | ||
| 942 | _cBK | ||
| 999 |
_c64392 _d64392 |
||